Partial differential equations (Record no. 6)

MARC details
000 -LEADER
fixed length control field 00495 a2200193 4500
001 - CONTROL NUMBER
control field 000448
003 - CONTROL NUMBER IDENTIFIER
control field OSt
005 - DATE AND TIME OF LATEST TRANSACTION
control field 20210915121810.0
008 - FIXED-LENGTH DATA ELEMENTS--GENERAL INFORMATION
fixed length control field
020 ## - INTERNATIONAL STANDARD BOOK NUMBER
International Standard Book Number 1441970541
040 ## - CATALOGING SOURCE
Transcribing agency CURAJ
082 ## - DEWEY DECIMAL CLASSIFICATION NUMBER
Classification number 515.353
Item number T21P
100 1# - MAIN ENTRY--PERSONAL NAME
Personal name Taylor, Michael E.
245 1# - TITLE STATEMENT
Title Partial differential equations
Statement of responsibility, etc by Michael E. Taylor
260 ## - PUBLICATION, DISTRIBUTION, ETC. (IMPRINT)
Place of publication, distribution, etc New York
Name of publisher, distributor, etc Springer
Date of publication, distribution, etc 2009
300 ## - PHYSICAL DESCRIPTION
Extent 563p.
690 ## - LOCAL SUBJECT ADDED ENTRY--TOPICAL TERM (OCLC, RLIN)
Topical term or geographic name as entry element Differential equations, Partial; Mathematics
942 ## - ADDED ENTRY ELEMENTS (KOHA)
Source of classification or shelving scheme Dewey Decimal Classification
Koha item type Books
Holdings
Withdrawn status Lost status Source of classification or shelving scheme Damaged status Not for loan Collection code Home library Current library Date acquired Source of acquisition Cost, normal purchase price Full call number Barcode Date last seen Price effective from Koha item type
    Dewey Decimal Classification     General Text Book Central University Of Rajasthan Central University Of Rajasthan 28/09/2010 MTH 695.00 515.353 T21P 440 21/11/2024 02/09/2020 Books